000 00469nam a2200181Ia 4500
001 19862
005 20260306172724.0
008 260306t2021||||xx |||||||||||||| ||spa||
041 _aESP
082 _a341.2
_bT35
100 _aTello Gilardi, Janet,
_eAUT
245 0 _aReglas de Brasilia :
_bjusticia para reducir las desigualdades sociales
260 _c2021
300 _a309 páginas :
_c24 cm.
650 _aGEN
654 _aCDE
942 _cLIB
_dJUS
_fJUS
_2ddc
_n
999 _c19862
_d19862